Tiếng Anh dành cho học sinh và sinh viên kỹ thuật = English for technical student /

Tiếng Anh dành cho học sinh và sinh viên kỹ thuật nhằm giúp cho sinh viên kỹ thuật đạt được trình độ tiếng Anh cần thiết, bao gồm đọc hiểu, căn bản ngữ pháp tiếng Anh kỹ thuật....

Αποθηκεύτηκε σε:
Λεπτομέρειες βιβλιογραφικής εγγραφής
Κύριος συγγραφέας: Nguyễn Thị Tuyết.
Μορφή: Βιβλίο
Γλώσσα:English
Έκδοση: Hà Nội : Giáo dục, 2000.
Θέματα:
Ετικέτες: Προσθήκη ετικέτας
Δεν υπάρχουν, Καταχωρήστε ετικέτα πρώτοι!
Thư viện lưu trữ: Mạng thư viện Đại học Đà Nẵng
LEADER 01352nam a2200349 a 4500
001 000041997
003 6624
005 20190801154446.0
008 171030s2000
020 |c 54000 
022 |a T 
040 |a lnn 
041 0 |a eng 
082 1 4 |a 428  |b NG-T 
100 1 |a Nguyễn Thị Tuyết. 
245 0 0 |a Tiếng Anh dành cho học sinh và sinh viên kỹ thuật =  |b English for technical student /  |c Nguyễn Thị Tuyết. 
246 0 1 |a English for technical student. 
260 |a Hà Nội :  |b Giáo dục,  |c 2000. 
300 |a 759tr. ;  |c 20,5cm. 
520 3 |a Tiếng Anh dành cho học sinh và sinh viên kỹ thuật nhằm giúp cho sinh viên kỹ thuật đạt được trình độ tiếng Anh cần thiết, bao gồm đọc hiểu, căn bản ngữ pháp tiếng Anh kỹ thuật.... 
630 0 4 |a Anh ngữ. 
650 0 4 |a Anh ngữ. 
650 0 4 |a English language  |x Study and teaching. 
OWN |a LNN 
AVA |a UDN50  |b LNN  |c English  |e available  |t Error 5001 Not defined in file expand_doc_bib_avail.  |f 2  |g 0  |h N  |i 0  |j AN  |k 1 
999 |a From the UDN01 
AVA |a UDN50  |b LNN  |c English  |e available  |t Error 5001 Not defined in file expand_doc_bib_avail.  |f 2  |g 0  |h N  |i 0  |j AN  |k 1 
TYP |a Monograph 
TYP |a Printed language 
980 |a Mạng thư viện Đại học Đà Nẵng